Statistics for Chimamanda Ngozi Adichie Bibliography

Click here to take the quiz!

General Stats

  • This quiz has been taken 6 times
    (4 since last reset)
  • The average score is 3 of 24

Answer Stats

TypeYearName% Correct
Novel2013Americanah
100%
Novel2006Half of a Yellow Sun
75%
Novel2003Purple Hibiscus
75%
Non-Fiction Book2014We Should All Be Feminists
50%
Short Story2015Apollo
0%
Short Story2009A Private Experience
0%
Short Story2009Cell One
0%
Short Story2013Checking Out
0%
Non-Fiction Book2017Dear Ijeawele, or A Feminist Manifesto in Fifteen Suggestions
0%
Short Story2009Ghosts
0%
Short Story2009Imitation
0%
Short Story2009Jumping Monkey Hill
0%
Short Story2020Notes on Grief
0%
Memoir2021Notes on Grief
0%
Short Story2009On Monday of Last Week
0%
Short Story2009The American Embassy
0%
Short Story2016'The Arrangements': A Work of Fiction
0%
Short Story2009The Arrangers of Marriage
0%
Short Story2009The Headstrong Historian
0%
Short Story2009The Shivering
0%
Short Story2009The Thing Around Your Neck
0%
Short Story Collection2009The Thing Around Your Neck
0%
Short Story2009Tomorrow Is Too Far
0%
Short Story2020Zikora
0%

Score Distribution

Percentile by Number Answered

Percent of People with Each Score

Your Score History

You have not taken this quiz since the last reset